[Event "AUTO-INT-3956"]
[Site "http://www.queenalice.com/game.php?id=1867689"]
[Date "2026.1.7"]
[Round "1"]
[White "Ruusgugg"]
[Black "jenyasm"]
[Result "0-1"]
[WhiteElo "1453"]
[BlackElo "1624"]

1. c4 d6 2. b4 a6 3. Qa4+ Bd7 4. b5 Nf6 5. Nf3 h6 6. h3 e5 7. g4 Be7 8. d4 exd4
9. Nxd4 O-O 10. Nf5 Be6 11. Nxe7+ Qxe7 12. Bg2 Ra7 13. bxa6 Rxa6 14. Qc2 c6 15.
Bb2 d5 16. cxd5 Bxd5 17. f3 b5 18. h4 Bc4 19. O-O Qe3+ 20. Kh1 Re8 21. Re1 Nbd7
22. g5 hxg5 23. hxg5 Qxg5 24. Na3 Be6 25. e3 Qh4+ 26. Kg1 Qg3 27. Rad1 Bxa2 28.
e4 Be6 29. Re2 b4 30. Nc4 Bxc4 31. Qxc4 c5 32. Qxa6 Kh7 33. Qc4 Qg6 34. Rd6 Qg5
35. Bc1 Qh5 36. Kf1 Qe5 37. Red2 Qe7 38. Re2 Qxd6 39. Rd2 Qc7 40. Bb2 Rf8 41.
Qd3 Kg8 42. e5 Nxe5 43. Qe3 Ned7 44. Bh3 Rd8 45. Rh2 Qxh2 46. Bg2 Qc7 47. Qg5 c4
48. Bh3 c3 49. Bc1 b3 50. Bf4 Qc5 51. Bf5 b2 52. Qg3 Qxf5 0-1

[Event "AUTO-INT-3956"]
[Site "http://www.queenalice.com/game.php?id=1867690"]
[Date "2026.1.7"]
[Round "1"]
[White "jenyasm"]
[Black "Ruusgugg"]
[Result "0-1"]
[WhiteElo "1607"]
[BlackElo "1468"]

1. e4 g5 2. d3 e5 3. Nf3 Qf6 4. h3 b5 5. a3 h6 6. Nc3 a6 7. Bd2 Bc5 8. Qe2 c6 9.
O-O-O a5 10. Be3 Na6 11. Bxc5 Nxc5 12. Nb1 b4 13. axb4 Nb7 14. bxa5 Rxa5 15. Qd2
Rb5 16. Qc3 Rc5 17. Qd2 Qe6 18. d4 Ra5 19. Qc3 Nf6 20. Bd3 c5 21. dxc5 Nxc5 22.
Nxe5 O-O 23. Qxa5 Nxd3+ 24. cxd3 d6 25. Nc6 d5 26. exd5 Nxd5 27. Na7 Bb7 28.
Rhg1 Nf4 29. Rde1 Nxd3+ 30. Kd1 Nxb2+ 31. Kc2 Qf6 32. f3 Rc8+ 33. Nc3 Nc4 34.
Qb4 Qf5+ 35. Ne4 Nd2+ 36. Kxd2 Qf4+ 37. Ke2 Rc2+ 38. Kd1 Qc1# 0-1

[Event "AUTO-INT-3958"]
[Site "http://www.queenalice.com/game.php?id=1868398"]
[Date "2026.1.25"]
[Round "1"]
[White "ajr"]
[Black "Ruusgugg"]
[Result "1-0"]
[WhiteElo "1598"]
[BlackElo "1490"]

1. d4 e6 2. a3 Nc6 3. e4 e5 4. d5 Nd4 5. c3 Qf6 6. cxd4 exd4 7. Nf3 c5 8. dxc6
bxc6 9. Qxd4 Qd8 10. Nc3 Bc5 11. Qxc5 Ne7 12. h3 O-O 13. Be3 d6 14. Qc4 d5 15.
exd5 cxd5 16. Qd3 a5 17. Bg5 f6 18. Be3 Ba6 19. Qd4 Nf5 20. Qxd5+ Qxd5 21. Nxd5
Nxe3 22. Nxe3 Bb7 23. Bc4+ Kh8 24. Bd5 Bxd5 25. Nxd5 Rfe8+ 26. Ne3 Rab8 27. Rb1
Rb7 28. O-O g6 29. Rfd1 f5 30. Nc4 Ra7 31. a4 Re4 32. Rd8+ Kg7 33. Re1 Rxc4 34.
b3 Rc2 35. Nd4 Rd2 36. Ne6+ Kh6 37. Rxd2 Rb7 38. Nc5 Rc7 39. Rd5 f4 40. Na6 Rc3
41. Rb1 f3 42. Rxa5 fxg2 43. Kxg2 1-0

[Event "AUTO-INT-3958"]
[Site "http://www.queenalice.com/game.php?id=1868399"]
[Date "2026.1.25"]
[Round "1"]
[White "Ruusgugg"]
[Black "ajr"]
[Result "1-0"]
[WhiteElo "1419"]
[BlackElo "1627"]

1. b4 d5 2. f4 Nf6 3. Bb2 e6 4. Nc3 a6 5. b5 axb5 6. Nxb5 c6 7. Nd4 Bc5 8. e3
Bxd4 9. Bxd4 Nbd7 10. g4 c5 11. Bc3 b6 12. g5 Ne4 13. Bb2 c4 14. Bxg7 Rg8 15.
Bd4 f6 16. Qg4 Ndc5 17. h4 h6 18. Qh5+ Kd7 19. gxh6 Rh8 20. h7 Qe8 21. Qh6 Qe7
22. Bxf6 Nxf6 23. f5 Qxh7 24. Qxf6 Qxf5 25. Qxh8 Qf7 26. Qe5 Bb7 27. Rb1 Rf8 28.
Be2 Kc6 29. Qb2 b5 30. Qxb5+ Kd6 31. d4 Ne4 32. Qb6+ 1-0

[Event "AUTO-INT-3958"]
[Site "http://www.queenalice.com/game.php?id=1868416"]
[Date "2026.1.25"]
[Round "1"]
[White "Ruusgugg"]
[Black "Rasumichin"]
[Result "1-0"]
[WhiteElo "1486"]
[BlackElo "1664"]

1. c4 e5 2. e4 Nf6 3. Bd3 Nc6 4. g4 Bc5 5. h4 Nd4 6. g5 Ng8 7. Nc3 Ne7 8. Nf3 d6
9. Nxd4 Bxd4 10. b4 Ng6 11. Qf3 Nf4 12. c5 dxc5 13. b5 Nxd3+ 14. Kf1 Be6 15.
Qxd3 Bxc3 16. Qxc3 Qd6 17. Ba3 b6 18. h5 Bg4 19. Bb2 O-O 20. f4 exf4 21. Qxg7#
1-0

[Event "AUTO-INT-3958"]
[Site "http://www.queenalice.com/game.php?id=1868417"]
[Date "2026.1.25"]
[Round "1"]
[White "Rasumichin"]
[Black "Ruusgugg"]
[Result "1-0"]
[WhiteElo "1671"]
[BlackElo "1461"]

1. e4 d5 2. exd5 Qxd5 3. Nc3 Qd4 4. Nb5 Qe5+ 5. Qe2 Qc5 6. d4 Qc6 7. Nf3 a6 8.
Nc3 b5 9. Ne5 Qd5 10. Nxd5 Ra7 11. Qf3 c6 12. Nb4 f6 13. Qh5+ Kd8 14. Nbxc6+
Nxc6 15. Nxc6+ 1-0

[Event "AUTO-INT-3959"]
[Site "http://www.queenalice.com/game.php?id=1868934"]
[Date "2026.2.5"]
[Round "1"]
[White "Jsc"]
[Black "Ruusgugg"]
[Result "1-0"]
[WhiteElo "1659"]
[BlackElo "1443"]

1. e4 e5 2. Nf3 f6 3. Nxe5 fxe5 4. Qh5+ g6 5. Qxe5+ Qe7 6. Qxh8 Nf6 7. d3 d6 8.
Bg5 Qg7 9. Bxf6 Qf7 10. Be2 Nd7 11. Bc3 Ne5 12. Bxe5 dxe5 13. Qxe5+ Be7 14. O-O
g5 15. Nc3 c6 16. f4 gxf4 17. Bh5 Qxh5 18. Qxh5+ 1-0

[Event "AUTO-INT-3959"]
[Site "http://www.queenalice.com/game.php?id=1868935"]
[Date "2026.2.5"]
[Round "1"]
[White "Ruusgugg"]
[Black "Jsc"]
[Result "0-1"]
[WhiteElo "1467"]
[BlackElo "1707"]

1. d4 d5 2. b4 e6 3. Bd2 Nc6 4. b5 Nxd4 5. c3 Nxb5 6. a4 Nd6 7. f4 Nf6 8. Na3 h6
9. Nf3 Bd7 10. h3 Nfe4 11. Be3 Ng3 12. Rg1 Qf6 13. Bd4 Qxf4 14. Nc2 Nc4 15. e3
Qd6 16. Bd3 Nb2 17. Qd2 Nxd3+ 18. Qxd3 Ne4 19. Ne5 f6 20. Nxd7 Kxd7 21. g4 e5
22. Qb5+ Qc6 23. Qb1 exd4 24. Nxd4 Qxc3+ 25. Kf1 Nd2+ 26. Kf2 Nxb1 27. Rgxb1 b6
28. Nb5 Qd2+ 29. Kf3 Bc5 30. Re1 Rhe8 31. Kf4 Bxe3+ 32. Kf5 Qf2+ 33. Kg6 Qf4 34.
Rad1 Qg5+ 35. Kf7 Re7# 0-1

[Event "AUTO-INT-3959"]
[Site "http://www.queenalice.com/game.php?id=1868950"]
[Date "2026.2.5"]
[Round "1"]
[White "Ruusgugg"]
[Black "jenyasm"]
[Result "0-1"]
[WhiteElo "1504"]
[BlackElo "1625"]

1. d4 d5 2. Nf3 Nc6 3. h4 e6 4. g4 h6 5. g5 hxg5 6. Bxg5 f6 7. Bf4 Bd6 8. Bxd6
Qxd6 9. Qd3 e5 10. Qg6+ Kf8 11. Rg1 Qe7 12. dxe5 Nxe5 13. Nxe5 fxe5 14. Nc3 c6
15. O-O-O Qf6 16. Qg3 Rxh4 17. Rd3 Rf4 18. Rf3 Rxf3 19. exf3 a5 20. a4 Bd7 21.
Bd3 Rb8 22. Qh2 Qxf3 23. Qh8 Qf6 24. Bh7 Be6 25. Rg6 Qf7 26. Rg5 Qf4+ 27. Kb1
Qxg5 28. Qxg8+ Bxg8 29. Bd3 Qg1+ 30. Ka2 d4+ 31. Ka3 dxc3 0-1

[Event "AUTO-INT-3959"]
[Site "http://www.queenalice.com/game.php?id=1868951"]
[Date "2026.2.5"]
[Round "1"]
[White "jenyasm"]
[Black "Ruusgugg"]
[Result "0-1"]
[WhiteElo "1649"]
[BlackElo "1454"]

1. e4 e5 2. Nf3 f6 3. d3 c5 4. Be3 g5 5. Be2 g4 6. Nfd2 d6 7. Bxg4 Nd7 8. h3 Nh6
9. Bxh6 Bxh6 10. O-O b5 11. Nf3 Bb7 12. Nbd2 d5 13. exd5 Bxd5 14. b3 a5 15. a4
Qc7 16. axb5 Bb7 17. c4 O-O-O 18. Ra3 Rhg8 19. Qa1 Bf4 20. Rxa5 h5 21. Bxh5 Nb6
22. Bg4+ Rxg4 23. hxg4 Rh8 24. g3 Rh3 25. Nh2 Qh7 26. gxf4 Rxh2 27. f3 Qh3 28.
Ne4 Qg2# 0-1

[Event "AUTO-INT-3960"]
[Site "http://www.queenalice.com/game.php?id=1869200"]
[Date "2026.2.13"]
[Round "1"]
[White "kuntakinte"]
[Black "Ruusgugg"]
[Result "1-0"]
[WhiteElo "1692"]
[BlackElo "1504"]

1. e4 e5 2. Nf3 Nc6 3. Bc4 Qf6 4. d3 Nd4 5. Bg5 Qb6 6. b3 f6 7. Be3 c5 8. O-O
Nxf3+ 9. Qxf3 Bd6 10. Nc3 Qc6 11. Bd5 Qc7 12. Nb5 Qb8 13. c3 a5 14. d4 exd4 15.
cxd4 cxd4 16. Bxd4 Be7 17. Qe3 d6 18. Bb6 Kf8 19. Bc7 Bd7 20. Bxb8 Rxb8 21. Qa7
1-0

[Event "AUTO-INT-3960"]
[Site "http://www.queenalice.com/game.php?id=1869201"]
[Date "2026.2.13"]
[Round "1"]
[White "Ruusgugg"]
[Black "kuntakinte"]
[Result "0-1"]
[WhiteElo "1493"]
[BlackElo "1726"]

1. b4 d5 2. f4 Bf5 3. e3 Nc6 4. c3 e5 5. Qh5 Bg6 6. Qg4 Nf6 7. Qd1 Qe7 8. g4
exf4 9. g5 Nd7 10. h4 O-O-O 11. Ne2 Bh5 12. Qb3 Nb6 13. Nd4 Bg4 14. Nxc6 bxc6
15. Rg1 Bh5 16. a4 f3 17. a5 Nd7 18. b5 c5 19. Bh3 c4 20. Qa4 Kb8 21. Ba3 Qe4
22. b6 cxb6 23. Bb2 Bc5 24. Kd1 f2+ 25. Kc1 fxg1=Q+ 0-1

[Event "AUTO-INT-3960"]
[Site "http://www.queenalice.com/game.php?id=1869216"]
[Date "2026.2.13"]
[Round "1"]
[White "game"]
[Black "Ruusgugg"]
[Result "0-1"]
[WhiteElo "1726"]
[BlackElo "1426"]

1. e4 g5 2. d4 e6 3. Nf3 g4 4. Ne5 h5 5. Bd2 d6 6. Nc4 d5 7. Ne3 dxe4 8. Bc4 f5
9. Bc3 Bg7 10. a4 e5 11. dxe5 Qg5 12. Bb5+ c6 13. Bc4 f4 14. h4 Qe7 15. Nf1 Bxe5
16. Nh2 g3 17. fxg3 f3 18. gxf3 Bxg3+ 19. Kd2 Bf4+ 20. Ke2 exf3+ 21. Kxf3 Qe3+
22. Kg2 Bh3# 0-1

[Event "AUTO-INT-3960"]
[Site "http://www.queenalice.com/game.php?id=1869217"]
[Date "2026.2.13"]
[Round "1"]
[White "Ruusgugg"]
[Black "game"]
[Result "1-0"]
[WhiteElo "1478"]
[BlackElo "1733"]

1. b4 c6 2. a4 e5 3. c3 d5 4. Nf3 Nd7 5. d4 e4 6. Ne5 Qf6 7. Nxd7 Bxd7 8. f4
Qh4+ 9. g3 Qf6 10. Qb3 Nh6 11. Be3 Ng4 12. c4 dxc4 13. Qc3 g6 14. Bc1 Bg7 15. e3
Be6 16. Nd2 Bd5 17. h3 Nh6 18. g4 Qh4+ 19. Kd1 Nxg4 20. Nxc4 Nf2+ 21. Kc2 Nxh1
22. Nd6+ Kd7 23. Nxb7 Qf2+ 24. Bd2 Ng3 25. Ba6 Ne2 26. Qc5 Bf8 27. Qa5 Bg7 28.
Qc5 Bf8 29. Qa5 Ke7 30. Qc7+ Kf6 31. Qe5# 1-0

[Event "AUTO-INT-3960"]
[Site "http://www.queenalice.com/game.php?id=1869226"]
[Date "2026.2.13"]
[Round "1"]
[White "Yanni"]
[Black "Ruusgugg"]
[Result "0-1"]
[WhiteElo "1482"]
[BlackElo "1504"]

1. e4 g5 2. Bc4 Nf6 3. d3 e6 4. Nf3 g4 5. Nd4 e5 6. Nf5 d6 7. Bb5+ c6 8. Bc4 d5
9. exd5 Bxf5 10. dxc6 Nxc6 11. Nc3 Qd4 12. Be3 Qd6 13. Nb5 Qd8 14. a3 h5 15. Qd2
a6 16. Nc3 Nd4 17. O-O b5 18. Ba2 h4 19. f3 Bd6 20. Rf2 g3 21. hxg3 Qd7 22. Bxd4
exd4 23. Ne2 h3 24. Kh2 Qc7 25. gxh3 Rxh3+ 26. Kg2 Kd7 27. Nxd4 Rxg3+ 28. Kf1
Rag8 29. Nxf5 Rg1+ 30. Ke2 Rxa1 31. Bxf7 Rgg1 32. Qh6 Rge1+ 33. Kd2 Rad1# 0-1

[Event "AUTO-INT-3960"]
[Site "http://www.queenalice.com/game.php?id=1869227"]
[Date "2026.2.13"]
[Round "1"]
[White "Ruusgugg"]
[Black "Yanni"]
[Result "0-1"]
[WhiteElo "1496"]
[BlackElo "1467"]

1. b4 e5 2. a3 Nc6 3. Bb2 Nf6 4. c4 Ne4 5. b5 Na5 6. Qc2 Ng5 7. Bxe5 d6 8. Bc3
Nxc4 9. h4 Ne6 10. d4 Nf4 11. Qe4+ Ne6 12. f4 Be7 13. d5 Nc5 14. Qxc4 h6 15. h5
Bf5 16. Bxg7 Rg8 17. Bxh6 Bf6 18. Nf3 Bxa1 19. Bg5 Qd7 20. Qa2 Bg7 21. Qc4 Bxb1
22. h6 Bh8 23. h7 Rg6 24. Qb4 Be4 25. Nd4 a5 26. Qc4 f6 27. Rh6 O-O-O 28. Qc3
fxg5 29. Rxg6 Bxg6 30. fxg5 Qxh7 31. e3 Ne4 32. Qxa5 Qh4+ 33. Kd1 Qf2 34. Qa8+
Kd7 35. Qxb7 Qd2# 0-1

[Event "AUTO-INT-3961"]
[Site "http://www.queenalice.com/game.php?id=1869702"]
[Date "2026.2.24"]
[Round "1"]
[White "Erlofabr"]
[Black "Ruusgugg"]
[Result "0-1"]
[WhiteElo "1686"]
[BlackElo "1480"]

1. f4 d5 2. d4 f5 3. c4 Nf6 4. Nc3 dxc4 5. Qa4+ Bd7 6. Nb5 a6 7. Qa5 Bxb5 8. a4
Nc6 9. Qc3 Ne4 10. Qf3 Nxd4 11. Qh5+ g6 12. Qh3 Nc2# 0-1